[Event "BCF-chT 0708 (4NCL)"]
[Site "Sunningdale"]
[Date "2008.05.03"]
[Round "9.5"]
[White "Marlow, Michael W"]
[Black "Bisby, Daniel L"]
[Result "0-1"]
[WhiteElo "2267"]
[BlackElo "2279"]
[PlyCount "54"]
[EventDate "2007.09.15"]
[EventType "team-tourn"]
[EventRounds "11"]
[EventCountry "ENG"]
[SourceTitle "EXT 2008"]
[Source "ChessBase"]
[SourceDate "2007.11.25"]
[SourceVersion "1"]
[SourceVersionDate "2007.11.25"]
[SourceQuality "1"]
[WhiteTeam "Sambuca Sharks"]
[BlackTeam "Richmond"]
[WhiteTeamCountry "ENG"]
[BlackTeamCountry "ENG"]

1. e4 c5 2. Nf3 Nc6 3. Bb5 Qb6 4. Qe2 e6 5. 0-0 a6 6. Bxc6 Qxc6 7. d4 cxd4 8. Nxd4 Qc7 9. Nc3 b5 10. a3 Bb7 11. Bg5 Bd6 12. Nf3 Ne7 13. e5 Bc5 14. Ne4 Bxe4 15. Qxe4 0-0 16. b4 d5 17. Qg4 Bb6 18. h4 Nf5 19. h5 h6 20. Bf4 Rac8 21. Rac1 Qc3 22. Bd2 Qb2 23. c3 Rc4 24. Qh3 Rfc8 25. Rb1 Qc2 26. Rbc1 Qd3 27. g4 Nh4 0-1

[Event "BCF-chT 0506 (4NCL)"]
[Site "Birmingham"]
[Date "2006.04.30"]
[Round "10.7"]
[White "Macak, Stefan"]
[Black "Marlow, Michael W"]
[Result "1-0"]
[WhiteElo "2343"]
[BlackElo "2275"]
[PlyCount "49"]
[EventDate "2005.10.22"]
[EventType "team"]
[EventRounds "11"]
[EventCountry "ENG"]
[SourceTitle "EXT 2007"]
[Source "ChessBase"]
[SourceDate "2006.11.23"]
[SourceVersion "1"]
[SourceVersionDate "2006.11.23"]
[SourceQuality "1"]
[WhiteTeam "Micro Mark NWE"]
[BlackTeam "Slough Sharks"]
[WhiteTeamCountry "ENG"]
[BlackTeamCountry "ENG"]

1. e4 c5 2. Nf3 Nc6 3. d4 cxd4 4. Nxd4 Nf6 5. Nc3 g6 6. Nxc6 dxc6 7. Qxd8+ Kxd8 8. Bc4 Ke8 9. e5 Nd7 10. f4 Nb6 11. Bb3 Bf5 12. Be3 e6 13. a3 Nd5 14. Nxd5 exd5 15. c4 dxc4 16. Bxc4 Be7 17. Kf2 a6 18. Bb6 Kf8 19. Rhd1 h5 20. Rd4 Kg7 21. Rad1 Rhe8 22. b4 Rac8 23. Bc5 Bd8 24. e6 Bf6 25. exf7 1-0